000 00632cam a22002411 4500
001 sa 66005301
003 DLC
005 20260227112248.0
008 871104s1965 ii ac 000 0 eng
010 _asa 66005301
025 _aPL480:I-E-5762
035 _a(OCoLC)16939691
040 _aDLC
_cWaU
_dDLC
042 _apremarc
043 _aa-ii---
050 0 0 _aBL2001.2
_b.P3
100 1 _aPatel, Sushila Rani Baburao,
_d1918-
245 1 0 _aGlimpses of ancient India.
250 _a[1st ed.]
260 _aBombay,
_bGirnar Publications
_c[1965]
300 _a202 p.
_billus., ports.
_c19 cm.
650 0 _aHindu mythology.
999 _c69884
_d69884